Datum a čas kvízu
23
Celkem bodů
Celkový počet nahraných bodů na tomto kvízu bez doplňovacích otázek.
11.
Pořadí na kvízu
Konečné umístění týmu na tomto kvízu.
Zaznamenané odpovědi
| # | Otázka | Odpověď | Body | Výsledky |
|---|---|---|---|---|
| 1. | K razantnímu kroku přistoupila... | tepláky a crop topy (krátká trika) | 0.5 | |
| 2. | Donald Trump a technika se na... | eskalátor | 1 | |
| 3. | Do televizní reality show Love... | o Daru Rolins | 0 | |
| 4. | Na jedné technické univerzitě... | Ostrava | 1 | |
| 5. | Dvěma pilotům formule 1 se min... | Carlos Sainz; Charles Leclerc | 0 | |
| 6. | Gesto, které vidíme na obrázku... | 1C 2B 3D 4A | 0 | |
| 7. | Které z uvedených gest má na B... | B | 1 | |
| 8. | Sheldon Cooper v Teorii velkéh... | Spocka a tapíra (ještěra) | 1 | |
| 9. | Která dvě písmena české dvouru... | B, N | 0 | |
| 10. | Na výřezu z obrazu francouzské... | paroháč (že je mu žena nevěrná) | 0 |